000 00510nam a22001817a 4500
003 UA-OsUOA
001 8216
007 ta
008 20040819b un ||||| |||| 00| 0 ukr d
100 _aКопієвська О.
942 _cSA
040 _aUA-OsUOA
_cUA-OsUOA
_dUA-OsUOA
245 _aПравове регулювання відносин усфері культури
300 _aС.82-85
955 _a0
773 0 _w0
_tПраво України
_dКиїв
_d2004
_gN8
650 7 _aУкраїна
_2UDC
999 _c294377
_d294377